[Event "Titled Tue 1st Jul Late"]
[Site "chess.com INT"]
[Date "2025.07.01"]
[Round "8"]
[White "Steinberg, Nitzan"]
[Black "Shankland, Sam"]
[Result "0-1"]
[WhiteTitle "GM"]
[BlackTitle "GM"]
[WhiteElo "2554"]
[BlackElo "2666"]
[WhiteFideId "2801795"]
[BlackFideId "2004887"]
[EventDate "2025.07.01"]

1. e4 c5 2. Nf3 Nc6 3. Bb5 g6 4. O-O Bg7 5. Re1 Nf6 6. c3 O-O 7. h3 a6 8. Bxc6
dxc6 9. d4 cxd4 10. cxd4 c5 11. d5 b5 12. Nc3 Bb7 13. Bf4 Re8 14. Be5 Bh6 15.
Qc2 Nd7 16. Bg3 Bg7 17. Rad1 Qa5 18. h4 Nb6 19. Be5 f6 20. Bc7 Rac8 21. Nd2 c4
22. b4 cxb3 23. Nxb3 Qb4 24. Bxb6 Rxc3 25. Qd2 Rxb3 26. axb3 Qxb3 27. Rc1 f5 28.
Rc7 Ba8 29. Bd4 fxe4 30. Bxg7 Kxg7 31. Qd4+ Kg8 32. d6 Qe6 33. d7 Rd8 34. Rec1
Kf7 35. Rd1 Bc6 36. Qa7 Bd5 37. Rc8 Rxd7 38. Qb8 e3 39. Rf8+ Kg7 40. Qf4 e2 41.
Re1 Bc4 42. Rb8 Qf6 43. Qc1 Qd4 44. Rc8 Qd1 0-1

[Event "Titled Tue 1st Jul Late"]
[Site "chess.com INT"]
[Date "2025.07.01"]
[Round "8"]
[White "Winkels, Marcel"]
[Black "Alazmi, Amani"]
[Result "1-0"]
[WhiteTitle "CM"]
[BlackTitle "WCM"]
[WhiteElo "1905"]
[BlackElo "1725"]
[WhiteFideId "1003887"]
[BlackFideId "10303553"]
[EventDate "2025.07.01"]

1. e4 e5 2. Nf3 Nc6 3. Bb5 Nf6 4. d3 d6 5. Bxc6+ bxc6 6. O-O Be7 7. Nbd2 O-O 8.
Nc4 Bg4 9. h3 Bxf3 10. Qxf3 Nd7 11. c3 f6 12. d4 Nb6 13. Ne3 d5 14. exd5 cxd5
15. Nf5 e4 16. Qg4 g6 17. Nh6+ Kg7 18. Qe6 Qd6 19. Qxd6 Bxd6 20. Ng4 f5 21. Bh6+
Kg8 22. Bxf8 fxg4 23. Bxd6 cxd6 24. hxg4 Nc4 25. b3 Nb6 26. f3 exf3 27. gxf3 Re8
28. Rae1 Rf8 29. Re6 Nc8 30. f4 Kf7 31. f5 Rg8 32. Re2 g5 33. Rff2 Rh8 34. Rh2
h6 35. Kg2 Ne7 36. Re6 h5 37. Rxd6 Rc8 38. Rh3 hxg4 39. Rh7+ Kf8 40. Rf6+ Ke8
41. Rh8+ Kd7 42. Rxc8 Kxc8 43. Rf8+ Kd7 44. Rf7 Ke8 45. Rf6 Kd7 46. Kg3 Ng8 47.
Rf7+ Ke8 48. Rxa7 Nf6 49. Ra6 Kf7 50. c4 dxc4 51. Rxf6+ Kxf6 52. bxc4 Kxf5 53.
a4 Ke4 54. Kxg4 Kxd4 55. a5 Kc5 56. Kxg5 Kc6 57. Kf4 Kb7 58. Ke5 Ka6 59. Kd6
Kxa5 60. c5 Ka6 61. c6 Ka7 62. Kd7 Ka6 63. c7 Ka7 64. c8=Q Kb6 65. Qb8+ Ka5 66.
Kc6 Ka4 67. Kc5 Ka3 68. Kc4 Ka2 69. Kc3 1-0

[Event "Titled Tue 1st Jul Late"]
[Site "chess.com INT"]
[Date "2025.07.01"]
[Round "8"]
[White "Goryachkina, Aleksandra"]
[Black "Mahdavi, Reza"]
[Result "0-1"]
[WhiteTitle "GM"]
[BlackTitle "IM"]
[WhiteElo "2533"]
[BlackElo "2454"]
[WhiteFideId "4147103"]
[BlackFideId "12595926"]
[EventDate "2025.07.01"]

1. e4 c5 2. Nf3 d6 3. d4 cxd4 4. Nxd4 Nf6 5. Nc3 a6 6. Be3 e5 7. Nf3 Qc7 8. a4
Be7 9. Be2 O-O 10. O-O b6 11. Bg5 Bb7 12. Bxf6 Bxf6 13. Nd5 Bxd5 14. Qxd5 Nd7
15. c3 Nc5 16. Rfd1 Rfd8 17. g3 g6 18. h4 Kg7 19. Kg2 Ne6 20. Rd2 Be7 21. Kg1
Rdb8 22. Ne1 Qc5 23. Nc2 Qxd5 24. Rxd5 Nc5 25. Bf3 b5 26. a5 Na4 27. Ra2 Rc8 28.
Ne3 Rc5 29. Bd1 Rb8 30. Bxa4 bxa4 31. Rxc5 dxc5 32. Nd5 Bd8 33. c4 Rb3 34. Kf1
f5 35. Nc3 Bxa5 36. Nxa4 Bb4 37. Nb6 fxe4 38. Rxa6 Rxb2 39. Ra7+ Kh6 40. Nd5 g5
41. Nf6 gxh4 42. gxh4 Kg6 43. Nxe4 Kf5 44. Nd6+ Kf4 45. Rf7+ Kg4 46. Ne4 h5 47.
Nf6+ Kxh4 48. Rg7 Bc3 49. Nd5 Bd4 50. Ne3 Bxe3 51. fxe3 Rc2 52. Re7 Rxc4 53.
Rxe5 Kg4 54. e4 h4 55. Re8 Kf3 0-1

[Event "Titled Tue 1st Jul Late"]
[Site "chess.com INT"]
[Date "2025.07.01"]
[Round "8"]
[White "Gelman, Alexander"]
[Black "Bluebaum, Matthias"]
[Result "0-1"]
[WhiteTitle "IM"]
[BlackTitle "GM"]
[WhiteElo "2403"]
[BlackElo "2663"]
[WhiteFideId "4118316"]
[BlackFideId "24651516"]
[EventDate "2025.07.01"]

1. d4 d5 2. Nc3 e6 3. Bf4 c5 4. e3 a6 5. g4 Nc6 6. Nf3 Qa5 7. Bg2 Nf6 8. g5 Ne4
9. O-O Nxc3 10. bxc3 Qxc3 11. Rb1 Be7 12. h4 O-O 13. h5 f6 14. Rb3 Qa5 15. g6 c4
16. gxh7+ Kxh7 17. Rb1 f5 18. Ng5+ Kh8 19. Qf3 Qd8 20. Qg3 Qe8 21. Bf3 Rf6 22.
Kg2 b5 23. Rh1 Rh6 24. c3 Ra7 25. a4 b4 26. cxb4 Bxb4 27. Bd6 Bxd6 28. Qxd6 Qe7
29. Qxc6 Rc7 30. Qa8 Qxg5+ 31. Kf1 c3 32. Rb8 Qd8 33. Ke2 c2 34. Rc1 Rf6 35. Kd2
Rf8 36. Rxc2 f4 37. Rxc7 Qxc7 38. Bg4 fxe3+ 39. fxe3 Kh7 40. Be2 e5 41. Rb4 Qa5
42. Kc3 exd4+ 43. exd4 Rf7 0-1

[Event "Titled Tue 1st Jul Late"]
[Site "chess.com INT"]
[Date "2025.07.01"]
[Round "8"]
[White "Watanabe, Akira"]
[Black "Kjaergaard-Jensen, Jesper"]
[Result "0-1"]
[WhiteTitle "FM"]
[BlackTitle "CM"]
[WhiteElo "2284"]
[BlackElo "2081"]
[WhiteFideId "7000227"]
[BlackFideId "1406990"]
[EventDate "2025.07.01"]

1. d4 Nf6 2. c4 d6 3. Nc3 e5 4. d5 Be7 5. e4 c6 6. Nf3 Qc7 7. Be2 Nbd7 8. O-O h6
9. h3 Nf8 10. Be3 g5 11. Nh2 Ng6 12. Re1 h5 13. Bxg5 Nxd5 14. Bxe7 Ndxe7 15.
Bxh5 Be6 16. b3 Nf4 17. Bg4 O-O-O 18. Rc1 Rdg8 19. Nd5 Nexd5 20. cxd5 Bxg4 21.
Nxg4 c5 22. b4 c4 23. Re3 b5 24. a4 a6 25. axb5 axb5 26. Ra3 Kb7 27. Rca1 Ra8
28. Ra5 Rxa5 29. bxa5 Ka6 30. Ne3 Nd3 31. Qd2 Qc5 32. Nc2 Rg8 33. Ne3 Nf4 34.
Kh2 c3 35. Qc2 Qd4 36. Rb1 Nd3 37. Ng4 Qxe4 38. Qxc3 Qxd5 39. Rd1 e4 40. Nf6
Rxg2+ 41. Kxg2 Qg5+ 42. Kh2 Qf4+ 43. Kg1 Qxf2+ 0-1

[Event "Titled Tue 1st Jul Late"]
[Site "chess.com INT"]
[Date "2025.07.01"]
[Round "8"]
[White "Taranenko, Evgueniy"]
[Black "Mikhalsky, Vladimir"]
[Result "1-0"]
[WhiteElo "2201"]
[BlackElo "2219"]
[WhiteFideId "14122138"]
[BlackFideId "14144352"]
[EventDate "2025.07.01"]

1. a3 e5 2. Nc3 d5 3. d4 e4 4. Bf4 Nf6 5. f3 Bd6 6. Bxd6 Qxd6 7. fxe4 dxe4 8. e3
O-O 9. Bc4 Ng4 10. Qd2 Re8 11. O-O-O a6 12. Nh3 Nc6 13. Ng5 Nh6 14. Rdf1 Na5 15.
Nxf7 Nxc4 16. Nxd6 Nxd2 17. Nxe8 Nxf1 18. Nxc7 Ra7 19. Rxf1 b5 20. N7d5 Ng4 21.
h3 Nh6 22. Nxe4 Be6 23. Nb4 Nf5 24. Nc5 Bc8 25. Rf3 a5 26. Nbd3 Re7 27. Kd2 Nd6
28. b3 a4 29. Ne5 axb3 30. cxb3 Ra7 31. a4 bxa4 32. bxa4 Bf5 33. g4 Be4 34. Rf4
Bd5 35. Kd3 Ba2 36. e4 g5 37. Rf6 Bb1+ 38. Ke3 Nc8 39. Ned7 Ne7 40. Ne6 h5 41.
Rf8+ Kh7 42. Rf7+ Kh6 43. Rxe7 Rb7 44. Nef8 Rb3+ 45. Kd2 Bxe4 46. Rxe4 Rb2+ 47.
Kc3 Ra2 48. Re7 hxg4 49. Rh7# 1-0

[Event "Titled Tue 1st Jul Late"]
[Site "chess.com INT"]
[Date "2025.07.01"]
[Round "8"]
[White "Sochacki, Christophe"]
[Black "Ibrahimli, Murad"]
[Result "0-1"]
[WhiteTitle "GM"]
[BlackTitle "IM"]
[WhiteElo "2449"]
[BlackElo "2448"]
[WhiteFideId "662569"]
[BlackFideId "13410229"]
[EventDate "2025.07.01"]

1. e4 c6 2. h4 d5 3. e5 c5 4. c3 Nc6 5. d4 Bf5 6. dxc5 e6 7. Nd2 h6 8. b4 Nxe5
9. Bb5+ Nd7 10. Ngf3 Nf6 11. Ne5 Qc7 12. Ndf3 Be7 13. Bf4 Qc8 14. Nxd7 Nxd7 15.
Ne5 Kf8 16. Nxd7+ Kg8 17. O-O Bxh4 18. Bd6 Bg5 19. Ne5 h5 20. Qf3 Bf6 21. Bd3
Bxd3 22. Qxd3 a5 23. a3 h4 24. f4 Rh5 25. b5 a4 26. Rab1 Qd8 27. c4 dxc4 28.
Qxc4 h3 29. g3 h2+ 30. Kh1 Rc8 31. Qe4 b6 32. Nc6 Qd7 33. Rbd1 bxc5 34. g4 Rd5
35. Rxd5 exd5 36. Qxd5 Qxg4 37. Bxc5 Qe2 38. Rb1 Qc2 39. Rb4 Re8 40. Be7 Qf2 41.
Qc5 Qe1+ 42. Kxh2 Bxe7 43. Nxe7+ Rxe7 44. Qc8+ Re8 45. Qd7 Re2+ 46. Kh3 Re3+ 47.
Kg4 Qg3+ 48. Kf5 Qh3+ 49. Kg5 f6+ 50. Kg6 Qh7# 0-1

[Event "Titled Tue 1st Jul Late"]
[Site "chess.com INT"]
[Date "2025.07.01"]
[Round "8"]
[White "Gerbelli Neto, Eduardo"]
[Black "Nifdaliyev, Jahangir"]
[Result "1-0"]
[BlackTitle "FM"]
[WhiteElo "2114"]
[BlackElo "2312"]
[WhiteFideId "2103281"]
[BlackFideId "13407740"]
[EventDate "2025.07.01"]

1. e4 c5 2. Nc3 d6 3. f4 Nc6 4. Nf3 Nf6 5. Bc4 g6 6. d3 Bg7 7. O-O O-O 8. Qe1 a6
9. Qh4 b5 10. Bb3 Bb7 11. f5 c4 12. dxc4 Na5 13. Bh6 bxc4 14. Ba4 Qb6+ 15. Kh1
Qxb2 16. Nd5 Nxd5 17. exd5 Bxd5 18. Rad1 Bb7 19. Bxg7 Qxg7 20. Qxe7 d5 21. Nd4
Qh6 22. Qb4 Rab8 23. Qxa5 Qe3 24. Qd2 Qxd2 25. Rxd2 Ba8 26. Re2 Rb2 27. c3 Rxe2
28. Nxe2 Rb8 29. Nd4 Rb2 30. fxg6 hxg6 31. Be8 Rxa2 32. Bxf7+ Kg7 33. Be6 Ra3
34. Rc1 a5 35. Kg1 a4 36. Kf2 Ra2+ 37. Kf3 a3 38. Nc2 Bc6 39. Nb4 d4+ 40. Nxc6
d3 41. Bxc4 Rb2 42. Bxd3 a2 43. Ra1 Rb3 44. Rxa2 Rxc3 45. Ne5 Kf6 46. Ke4 Rc1
47. Ra6+ Kg5 48. Rxg6+ Kh4 49. g3+ Kh3 50. Rh6+ Kg2 51. g4 Re1+ 52. Kd4 Ra1 53.
g5 Ra8 54. Be4+ 1-0

[Event "Titled Tue 1st Jul Late"]
[Site "chess.com INT"]
[Date "2025.07.01"]
[Round "8"]
[White "Tang, Austin"]
[Black "Unver, Cumayi"]
[Result "0-1"]
[WhiteElo "1979"]
[BlackElo "2012"]
[WhiteFideId "30964580"]
[BlackFideId "6304940"]
[EventDate "2025.07.01"]

1. d4 e6 2. e4 d5 3. Nd2 dxe4 4. Nxe4 Nf6 5. Nxf6+ Qxf6 6. Nf3 h6 7. Bd3 Bd6 8.
O-O Nd7 9. c4 c6 10. Be3 O-O 11. Bc2 Re8 12. Qd3 Nf8 13. h4 e5 14. dxe5 Bxe5 15.
Nxe5 Qxe5 16. Rfe1 Qf6 17. Bc5 Be6 18. Bxf8 Kxf8 19. Qh7 g5 20. hxg5 hxg5 21.
Re3 Qg7 22. Qh2 Bxc4 23. Qd6+ Kg8 24. Rh3 Re6 25. Qc5 Bd5 26. Bh7+ Qxh7 27. Rxh7
Kxh7 28. f3 b6 29. Qd4 Rae8 30. Qg4 Rg6 31. Kf2 Ree6 32. Rh1+ Kg7 33. Qh5 Kf6
34. Qh8+ Ke7 35. Qb8 g4 36. Qxa7+ Kf6 37. g3 Bxf3 38. Re1 Rxe1 39. Kxe1 b5 40.
Qd4+ Ke7 41. Qc5+ Kd7 42. b3 Re6+ 43. Kd2 Re2+ 44. Kc3 Rxa2 45. Qf5+ Ke7 46. Kb4
Re2 47. Qg5+ f6 48. Qg7+ Ke6 49. Qg8+ Kf5 50. Qc8+ Ke4 51. Qe6+ Kd3 52. Qxf6 Ke3
53. Qe5+ Kf2 54. Qd6 Kg2 55. Ka5 Kh2 56. b4 Rg2 0-1

[Event "Titled Tue 1st Jul Late"]
[Site "chess.com INT"]
[Date "2025.07.01"]
[Round "8"]
[White "Amar, Elham"]
[Black "Piliposyan, Robert"]
[Result "1-0"]
[WhiteTitle "GM"]
[BlackTitle "IM"]
[WhiteElo "2589"]
[BlackElo "2416"]
[WhiteFideId "1533533"]
[BlackFideId "13309978"]
[EventDate "2025.07.01"]

1. e4 e5 2. Nc3 Nf6 3. d4 exd4 4. Qxd4 Nc6 5. Qd3 Bb4 6. Ne2 d5 7. a3 Bxc3+ 8.
Nxc3 dxe4 9. Qxd8+ Nxd8 10. Bg5 Bf5 11. Bxf6 gxf6 12. O-O-O Ne6 13. Re1 O-O-O
14. Nxe4 Nd4 15. Bd3 Nb3+ 16. Kb1 Bg6 17. h4 h5 18. Rh3 Bxe4 19. Bxe4 Nc5 20.
Bf5+ Kb8 21. Rhe3 a5 22. Kc1 Rd5 23. Re8+ Rxe8 24. Rxe8+ Ka7 25. Bh3 Rd4 26. g3
Ne4 27. c3 Nd6 28. cxd4 Nxe8 29. g4 Ng7 30. gxh5 Nxh5 31. Bg4 Nf4 32. h5 f5 33.
Bf3 c6 34. h6 Ng6 35. Kd2 Kb6 36. Ke3 Kc7 37. Bh5 Nf8 38. Kf4 Kd6 39. Kxf5 Ke7
40. Bf3 Ng6 41. h7 Nh4+ 42. Kg5 Ng6 43. Be4 Nh8 44. d5 cxd5 45. Bxd5 b6 46. a4
f6+ 47. Kf5 Kd6 48. Bc4 Ke7 49. b3 1-0

[Event "Titled Tue 1st Jul Late"]
[Site "chess.com INT"]
[Date "2025.07.01"]
[Round "8"]
[White "Tekeyev, Zaur"]
[Black "Schmider, Niklas"]
[Result "1/2-1/2"]
[WhiteTitle "IM"]
[BlackTitle "IM"]
[WhiteElo "2407"]
[BlackElo "2421"]
[WhiteFideId "4199731"]
[BlackFideId "12993778"]
[EventDate "2025.07.01"]

1. e4 e5 2. Nf3 Nf6 3. Nxe5 Nxe4 4. Qe2 Qe7 5. Qxe4 d6 6. d4 dxe5 7. dxe5 Nc6 8.
Nc3 Qxe5 9. Qxe5+ Nxe5 10. Bf4 f6 11. O-O-O Bd7 12. Nb5 O-O-O 13. Nxa7+ Kb8 14.
Nb5 Bc5 15. Bg3 h5 16. h4 Bg4 17. Re1 Rhe8 18. f3 Bf5 19. Be2 Be3+ 20. Kb1 Rd2
21. Bd1 Bf2 22. Bxf2 Rxf2 23. Rhf1 Rxf1 24. Rxf1 Rd8 25. Kc1 g5 26. f4 gxf4 27.
Rxf4 Bg4 28. Nc3 c6 29. Rxf6 Rg8 30. Rf2 Bxd1 31. Nxd1 Rg4 32. Rf5 Ng6 33. Rg5
Nxh4 34. Rxg4 hxg4 35. Ne3 g3 36. Kd2 Kc7 37. Ke2 Kd6 38. Kf1 Ke5 39. Nc4+ Kd5
40. Na5 b6 41. Nb3 Nf5 42. Ke2 Nh4 43. Nd2 Nxg2 44. Kf3 Ne1+ 45. Kxg3 Nxc2 46.
Kf3 Nb4 47. a3 Nd3 48. b3 Kd4 49. a4 Kc3 50. Nc4 b5 51. axb5 cxb5 52. Ke3 Kxb3
53. Nd6 b4 54. Kxd3 Ka2 55. Nc4 b3 56. Kc3 b2 57. Nxb2 1/2-1/2

[Event "Titled Tue 1st Jul Late"]
[Site "chess.com INT"]
[Date "2025.07.01"]
[Round "8"]
[White "Radionov, Timur"]
[Black "Holinka, Henning"]
[Result "0-1"]
[WhiteTitle "FM"]
[BlackTitle "FM"]
[WhiteElo "2200"]
[BlackElo "2303"]
[WhiteFideId "34178772"]
[BlackFideId "12967084"]
[EventDate "2025.07.01"]

1. e4 c6 2. d4 d5 3. exd5 cxd5 4. Bd3 Nf6 5. c3 Nc6 6. Bf4 g6 7. Nd2 Bf5 8. Bb5
Rc8 9. Ngf3 a6 10. Be2 Bg7 11. O-O O-O 12. b4 Na7 13. Qb3 Nb5 14. Rfc1 Ne4 15.
Nxe4 Bxe4 16. Ne5 Bf5 17. Nd3 Rxc3 18. Rxc3 Nxd4 19. Qb2 Nxe2+ 20. Qxe2 Bxc3 21.
Rc1 Bf6 22. Rc7 e5 23. Bxe5 Bxe5 24. Qxe5 Re8 25. Qc3 Bxd3 26. h3 Bc4 27. Rxb7
Qc8 28. Ra7 Qb8 29. Rd7 Qe5 30. Qxe5 Rxe5 31. a4 Re1+ 32. Kh2 Ra1 33. b5 axb5
34. axb5 Rb1 35. Kg3 Rxb5 36. Kf4 Kg7 37. Ke5 Rb6 38. f3 Re6+ 39. Kd4 h5 40. Ra7
h4 41. Ra3 Re2 42. g3 hxg3 43. f4 g2 44. Rg3 Re4+ 45. Kc3 Bf1 46. Kd2 Rxf4 47.
h4 Rxh4 48. Ke3 Rh1 49. Kf2 f5 50. Rg5 Kf6 51. Rg3 Rh4 52. Kg1 Rg4 53. Rh3 Bc4
54. Rf3 d4 55. Ra3 Bd5 56. Ra4 Rh4 57. Kf2 Rh1 58. Ra6+ Kg5 59. Ra1 Rxa1 60. Ke2
g1=Q 61. Kd3 Qe3+ 62. Kc2 Qc3# 0-1

[Event "Titled Tue 1st Jul Late"]
[Site "chess.com INT"]
[Date "2025.07.01"]
[Round "8"]
[White "Ribeiro, Gustavo"]
[Black "Przybylski, Wojciech"]
[Result "1-0"]
[WhiteTitle "FM"]
[BlackTitle "FM"]
[WhiteElo "2314"]
[BlackElo "2340"]
[WhiteFideId "1941852"]
[BlackFideId "1117599"]
[EventDate "2025.07.01"]

1. e4 e5 2. Nf3 Nc6 3. Nc3 Nf6 4. g3 g6 5. Bg2 Bg7 6. O-O O-O 7. d3 h6 8. Nd5 d6
9. c4 Kh7 10. Be3 Ne7 11. Re1 c6 12. Nxf6+ Bxf6 13. Qd2 Bg7 14. d4 Be6 15. b3 a5
16. Rad1 a4 17. Qb2 axb3 18. axb3 Qc7 19. dxe5 dxe5 20. Bc5 Rfd8 21. Rxd8 Rxd8
22. Qa3 Nc8 23. Bb4 Rd3 24. Qb2 Bg4 25. Nd2 Rd8 26. Bc3 Re8 27. Nf1 Qd7 28. Ne3
Bh3 29. Bf3 h5 30. Rd1 Qe7 31. Qd2 Be6 32. Bb4 Qg5 33. Ng2 Qf6 34. Be2 Bh6 35.
Qb2 b6 36. Bc3 Bh3 37. Rd3 Nd6 38. Rf3 Qe7 39. Qc2 Bg4 40. Rd3 Nxe4 41. Bxg4
hxg4 42. Be1 Nc5 43. Rd1 e4 44. b4 Nd3 45. Bd2 Ne5 46. Bxh6 Nf3+ 47. Kh1 Kxh6
48. Ne3 Qe6 49. Qc1 Kg7 50. Qc3+ f6 51. c5 Rh8 52. h4 g5 53. Rd6 gxh4 54. Rxe6
hxg3+ 55. Kg2 gxf2 56. Qxf6+ 1-0

[Event "Titled Tue 1st Jul Late"]
[Site "chess.com INT"]
[Date "2025.07.01"]
[Round "8"]
[White "Terkiewicz, Bruno"]
[Black "Shuvalova, Polina"]
[Result "1-0"]
[WhiteTitle "CM"]
[BlackTitle "IM"]
[WhiteElo "2183"]
[BlackElo "2480"]
[WhiteFideId "21093245"]
[BlackFideId "24171760"]
[EventDate "2025.07.01"]

1. e4 c6 2. Bd3 d5 3. Nc3 g6 4. Nf3 Bg7 5. O-O e6 6. Re1 Ne7 7. Bf1 O-O 8. d4
dxe4 9. Nxe4 Nd7 10. c3 Nf6 11. Nxf6+ Bxf6 12. Bh6 Bg7 13. Bxg7 Kxg7 14. Qb3 b6
15. g3 Bb7 16. Bg2 Qc7 17. Ne5 Rad8 18. Rad1 Nd5 19. Qa4 a6 20. c4 Ne7 21. Qa3
Nf5 22. Qc3 Kg8 23. Ng4 Ng7 24. Qf3 f5 25. Ne5 Rfe8 26. h4 Ba8 27. Qf4 Qd6 28.
Bf3 Rc8 29. c5 Qc7 30. cxb6 Qxb6 31. Nd7 Qd8 32. Nc5 Qf6 33. Re5 Red8 34. Rde1
Rd6 35. Qe3 Re8 36. Bd1 Kf7 37. Bb3 h5 38. Qc3 Re7 39. Qa5 Re8 40. Qxa6 Qe7 41.
Qc4 Qc7 42. Nd3 Re7 43. Nf4 Kf8 44. Nxg6+ Kf7 45. Nxe7 Qxe7 46. Qc5 Qd8 47.
Rxf5+ Nxf5 48. Qxf5+ Kg7 49. Qxh5 Rxd4 50. Bxe6 1-0

[Event "Titled Tue 1st Jul Late"]
[Site "chess.com INT"]
[Date "2025.07.01"]
[Round "8"]
[White "Donoso Aguirre, Maximiliano"]
[Black "Itkis, Boris"]
[Result "1-0"]
[WhiteTitle "CM"]
[BlackTitle "IM"]
[WhiteElo "2050"]
[BlackElo "2270"]
[WhiteFideId "3458920"]
[BlackFideId "1209167"]
[EventDate "2025.07.01"]

1. e4 c6 2. Nc3 d5 3. Nf3 dxe4 4. Nxe4 Nf6 5. Qe2 Nxe4 6. Qxe4 Qd5 7. Qh4 Bf5 8.
Bc4 Qd8 9. Ne5 Bg6 10. Nxg6 fxg6 11. Qf4 Qd6 12. Qf7+ Kd8 13. O-O Qf6 14. d4 Nd7
15. Qe6 Qxe6 16. Bxe6 h6 17. h4 Nf6 18. Bf7 g5 19. hxg5 hxg5 20. Bxg5 e6 21.
Bxe6 Bd6 22. g3 Kc7 23. Rfe1 Rh5 24. Bxf6 gxf6 25. Bg4 Rg5 26. Bf3 Rag8 27. Re6
f5 28. Kf1 Rh8 29. Rae1 Rhg8 30. Rh6 f4 31. g4 Rb5 32. b3 Bb4 33. Re4 a5 34.
Rxf4 Bc3 35. Rh7+ Kb6 36. Rff7 Ka6 37. Be2 Bxd4 38. Rxb7 Bb6 39. Bxb5+ cxb5 40.
Rbg7 Rd8 41. Rg6 Rd2 42. Rf6 a4 43. Rhh6 Ka5 44. Rxb6 a3 45. Ra6+ Kb4 46. c4
Rxa2 47. cxb5 Kxb3 48. Kg2 Rd2 49. Ra7 a2 50. Rha6 Rd4 51. Ra3+ Kb4 52. R7a4+
Kxb5 53. Rxd4 Kc5 54. Rxa2 Kxd4 55. Re2 1-0

[Event "Titled Tue 1st Jul Late"]
[Site "chess.com INT"]
[Date "2025.07.01"]
[Round "8"]
[White "Tabatabaei, M. Amin"]
[Black "Niemann, Hans Moke"]
[Result "1/2-1/2"]
[WhiteTitle "GM"]
[BlackTitle "GM"]
[WhiteElo "2655"]
[BlackElo "2736"]
[WhiteFideId "12521213"]
[BlackFideId "2093596"]
[EventDate "2025.07.01"]

1. e4 e5 2. Nf3 Nc6 3. Bc4 Nf6 4. d3 h6 5. c3 d6 6. O-O g5 7. a4 Bg7 8. a5 Bf8
9. Re1 Bg7 10. Rf1 O-O 11. Re1 Ne7 12. Nbd2 Ng6 13. Nf1 c6 14. Bb3 g4 15. N3d2
d5 16. Ng3 Be6 17. Nf5 Nf4 18. Nxg7 Kxg7 19. d4 exd4 20. e5 N6h5 21. cxd4 Nd3
22. Re3 Nxc1 23. Rxc1 Rc8 24. h3 f5 25. a6 b5 26. Rec3 Qe8 27. Nf1 Bd7 28. Ng3
Nxg3 29. Rxg3 h5 30. h4 Qe7 31. Rgc3 Qxh4 32. e6 Bxe6 33. Rxc6 Rxc6 34. Rxc6 Re8
35. g3 Qd8 36. Qc1 Bf7 37. Qf4 Re6 38. Rc5 Re1+ 39. Kh2 Re4 40. Qxf5 Rxd4 41.
Rc6 Qe7 42. Rc8 Qf6 43. Qxf6+ Kxf6 44. Rc7 Rd2 45. Rxa7 Rxf2+ 46. Kg1 Rxb2 47.
Rxf7+ Kxf7 48. a7 Rb1+ 49. Kf2 Ra1 50. Bxd5+ Kf6 51. a8=Q Rxa8 52. Bxa8 Kg5 53.
Bc6 h4 54. gxh4+ Kxh4 55. Bxb5 Kh3 56. Kg1 Kg3 57. Bc6 Kf4 58. Bg2 g3 59. Bh1
Ke3 60. Bg2 Kf4 61. Bh1 g2 62. Bxg2 1/2-1/2

[Event "Titled Tue 1st Jul Late"]
[Site "chess.com INT"]
[Date "2025.07.01"]
[Round "8"]
[White "Dobrosmyslov, Artem"]
[Black "Graif, William"]
[Result "0-1"]
[WhiteTitle "FM"]
[BlackTitle "FM"]
[WhiteElo "2260"]
[BlackElo "2211"]
[WhiteFideId "24139521"]
[BlackFideId "2609835"]
[EventDate "2025.07.01"]

1. Nf3 c5 2. g3 g6 3. Bg2 Bg7 4. O-O e5 5. e4 Ne7 6. c3 Nbc6 7. Re1 O-O 8. Na3
f5 9. d3 d6 10. Nc4 f4 11. d4 fxg3 12. hxg3 exd4 13. e5 d5 14. Nd6 Nxe5 15. Nxc8
Nxf3+ 16. Bxf3 Rxc8 17. Bg5 Bf6 18. Bxf6 Rxf6 19. Bg4 Nf5 20. Bxf5 Rxf5 21. cxd4
Qf6 22. dxc5 Rxf2 23. Qxd5+ Kh8 24. Re6 Qxb2 25. Rae1 Rcf8 26. Re8 Rf5 27. Qxf5
gxf5 28. Rxf8+ Kg7 29. Rxf5 Qxa2 30. Re7+ Kg6 31. Rfe5 Qa1+ 32. Kg2 Qb2+ 33. Kf3
Qb3+ 34. Kf4 Qc4+ 35. Kf3 Qc3+ 36. Kg4 Qd4+ 37. Kh3 a5 38. R5e6+ Kf5 39. Rd6
Qxc5 40. Red7 Ke5 41. Rd1 a4 42. Re1+ Kf6 43. Rxb7 Qf5+ 44. g4 Qf3+ 45. Kh4 Qxb7
46. Rf1+ Kg7 47. Ra1 a3 48. Rxa3 Qe7+ 49. g5 Qxa3 50. Kh5 Qa5 51. Kg4 h6 52. Kh4
hxg5+ 53. Kh3 Kg6 54. Kh2 g4 55. Kh1 g3 56. Kg1 g2 57. Kxg2 Qc3 58. Kg1 Qd2 0-1

[Event "Titled Tue 1st Jul Late"]
[Site "chess.com INT"]
[Date "2025.07.01"]
[Round "8"]
[White "Reprintsev, Alexander"]
[Black "Pereyra, Horacio"]
[Result "0-1"]
[WhiteTitle "IM"]
[WhiteElo "2256"]
[BlackElo "2133"]
[WhiteFideId "14100541"]
[BlackFideId "113700"]
[EventDate "2025.07.01"]

1. e4 c5 2. b3 Nf6 3. e5 Nd5 4. Nc3 Nxc3 5. dxc3 e6 6. Nf3 Be7 7. Bf4 b6 8. Bd3
Bb7 9. Qe2 d5 10. exd6 Bxd6 11. Bb5+ Ke7 12. Bg5+ f6 13. Bc4 e5 14. O-O-O Nc6
15. Nh4 Qc8 16. g4 g6 17. Bh6 Rg8 18. f4 Na5 19. Rxd6 Kxd6 20. Rd1+ Kc7 21. Bxg8
Qxg8 22. fxe5 Re8 23. Qd2 fxe5 24. Qd6+ Kc8 25. Bg5 Nc6 26. Nf3 Qe6 27. Qxe6+
Rxe6 28. Nd2 e4 29. Re1 Kd7 30. Nxe4 Re5 31. Nf6+ Ke6 32. Rxe5+ Nxe5 33. Nxh7
Nxg4 34. h4 Be4 35. Bf4 a6 36. Ng5+ Kf5 37. Bc7 b5 38. Nxe4 Kxe4 39. c4 bxc4 40.
bxc4 Ne3 41. Kd2 Nxc4+ 42. Kc3 Ne3 43. Bb8 Kd5 44. Kd3 Nf5 45. c4+ Ke6 46. Ke4
Nxh4 47. Ba7 Kd6 48. Bb8+ Kc6 49. Ke5 Nf5 50. Kf6 Ne3 51. Kxg6 Nxc4 52. Kf5 Kd5
53. Kf4 Kd4 54. Kf3 Kd3 55. Ba7 Ne5+ 56. Kf4 Nd7 0-1

[Event "Titled Tue 1st Jul Late"]
[Site "chess.com INT"]
[Date "2025.07.01"]
[Round "8"]
[White "Pribelszky, Bence"]
[Black "Boci, Mateu"]
[Result "1-0"]
[WhiteTitle "IM"]
[BlackTitle "FM"]
[WhiteElo "2396"]
[BlackElo "2274"]
[WhiteFideId "769738"]
[BlackFideId "4704665"]
[EventDate "2025.07.01"]

1. e4 c5 2. Nf3 Nc6 3. Bb5 d6 4. c3 Nf6 5. Qe2 Bd7 6. O-O e6 7. d4 cxd4 8. cxd4
a6 9. Ba4 Be7 10. Nc3 O-O 11. a3 b5 12. Bc2 Rc8 13. e5 Nd5 14. Nxd5 exd5 15. Bf4
dxe5 16. dxe5 Bg4 17. Rad1 Qb6 18. Rxd5 Nd4 19. Bxh7+ Kh8 20. Qd3 Nxf3+ 21. gxf3
Bh3 22. e6 Rc5 23. Rxc5 Qxc5 24. Rc1 Qh5 25. Be4 f5 26. Bb7 Rd8 27. Rc8 Rxc8 28.
Bxc8 Bg5 29. Be5 Qg6 30. Bg3 Qf6 31. f4 Qxb2 32. Qd1 Bf6 33. Bxa6 Bg4 34. Qe1
Bc3 35. e7 Bxe1 36. e8=Q+ Kh7 37. Qxe1 Qxa3 38. Bxb5 Qf3 39. Bf1 Qd5 40. Bg2 Qd3
41. h3 Bh5 42. Kh2 Qc3 43. Qh1 Qd2 44. Qa1 Qd7 45. Qe5 Bg6 46. Bh4 Qd2 47. Kg3
Qd3+ 48. Kh2 Qd2 49. Qe3 Qc2 50. Be7 Qc4 51. Bc5 Qa2 52. Bd4 Qf7 53. Qe5 Qd7 54.
Bd5 Bh5 55. Be6 Qb7 56. Bxf5+ Kg8 57. Be4 Qf7 58. Bd5 1-0